| 000 | 00860nam a2200253 i 4500 | ||
|---|---|---|---|
| 001 | 13879 | ||
| 003 | ES-MaACL | ||
| 005 | 20250727023008.0 | ||
| 007 | t| | ||
| 008 | 980716s1998 sp ||||1| spa d | ||
| 020 | _a84-7658-533-0 | ||
| 080 | _a572.027 | ||
| 100 | 1 |
_aGonzález Alcantud, José Antonio. _958402 |
|
| 245 | 1 | 0 |
_aAntropología (y) política _b: sobre la formación cultural del poder / _cJosé Antonio González Alcantud ; Prólogo de Carmelo Lisón Tolosana. |
| 250 | _a1ª ed. | ||
| 260 |
_aBarcelona : _bAnthropos, _c1998. |
||
| 300 |
_aXII, 195 p. ; _c18 cm. |
||
| 490 | 1 |
_aBiblioteca A ; _v29. _aSociedad |
|
| 650 | 1 | 7 |
_aAntropología política _2embne _99897 |
| 700 | 1 |
_aLisón Tolosana, Carmelo. _972541 |
|
| 830 | 0 |
_aBiblioteca A ; _v29. _aSociedad _9179526 |
|
| 852 |
_aES-MaACL _jL-21163 _bR.126703 |
||
| 999 |
_c13879 _d13879 |
||